00339nam a2200109Ia 4500008004100000041000800041082001500049100004100064245004300105260007300148300000800221231228s1997 xx 000 0 und d aeng a658.3bVEN aVENKATRANAM (C.S.)/ SRIVASTVA (B.K.) aPersonel Management and Human Resource aNew DelhibTata McGraw-Hil Publication Company Limited . Delhic1997 a348